Central Library OPAC University of Rajshahi

An introduction to economic geography / (Record no. 55582)

MARC details
000 -LEADER
fixed length control field 00659nam a2200229 a 4500
001 - CONTROL NUMBER
control field 55582
003 - CONTROL NUMBER IDENTIFIER
rucl marc code BD-RjUL
005 - DATE AND TIME OF LATEST TRANSACTION
control field 20211209080302.0
008 - FIXED-LENGTH DATA ELEMENTS--GENERAL INFORMATION
fixed length control field 161120s1959 bg abf b 001 0 eng
035 ## - SYSTEM CONTROL NUMBER
System control number (BD-RjUL)55705
040 ## - CATALOGING SOURCE
Original cataloging agency DLC
Transcribing agency DLC
Modifying agency DLC
-- BD-RjUL
Language of cataloging eng
041 ## - LANGUAGE CODE
Language code of text/sound track or separate title eng
082 00 - DEWEY DECIMAL CLASSIFICATION NUMBER
Classification number 330.9
Author mark and year KHI 1959
Edition number 23
100 1# - MAIN ENTRY--PERSONAL NAME
Personal name Khan, Fazle Karim
9 (RLIN) 10145
245 13 - TITLE STATEMENT
Title An introduction to economic geography /
Statement of responsibility, etc. Fazle Karim Khan
250 ## - EDITION STATEMENT
Edition statement 3rd ed.
260 ## - PUBLICATION, DISTRIBUTION, ETC. (IMPRINT)
Place of publication, distribution, etc. Dacca :
Name of publisher, distributor, etc. New Age Publications
Date of publication, distribution, etc. 1959
300 ## - PHYSICAL DESCRIPTION
Pagination v, 599p. :
Illustrations ill. ;
Size 23 cm.
504 ## - BIBLIOGRAPHY, ETC. NOTE
Bibliography, etc Includes Bibliographical References
650 #0 - SUBJECT ADDED ENTRY--TOPICAL TERM
Topical term or geographic name as entry element Economic geography.
9 (RLIN) 7860
942 ## - ADDED ENTRY ELEMENTS (KOHA)
Source of classification or shelving scheme Dewey Decimal Classification
Koha item type Books
Holdings
Lost status Source of classification or shelving scheme Damaged status Not for loan Collection code Permanent Location Current Location Shelving location Date acquired Source of acquisition Cost, normal purchase price Total Checkouts Full call number Date last seen Copy number Koha item type
  Dewey Decimal Classification     Non-fiction Central Library, University of Rajshahi Central Library, University of Rajshahi   30/06/1962 M.S.Orient Library 12.00   330.9 KHI 1959 20/11/2016 C-2 Books
  Dewey Decimal Classification   Not For Loan Non-fiction Central Library, University of Rajshahi Central Library, University of Rajshahi Reading Room 10/08/1962 M. S. Orient lib 12.00   330.9 KHI 1959 03/04/2017 C-1 Books
  Dewey Decimal Classification     Non-fiction Central Library, University of Rajshahi Central Library, University of Rajshahi   24/10/1990 Prof. Shawkat Osman, Dhaka 12.00   330.9 KHI 1963 05/04/2017 C-3 Books